Gaming Quiz

Random Gaming or Console Quiz
Score 0/15 Timer 06:00
0 Plays Today
Mission Name % Correct
Mission 4Vendetta
78.3%
Mission 1Semper Fi
73.9%
Mission 10Eviction
52.2%
Mission 2Little Resistance
43.5%
Mission 5Their Land, Their Blood
43.5%
Mission 7Relentless
43.5%
Mission 6Burn ‘em Out
39.1%
Mission 8Blood & Iron
39.1%
Mission Name % Correct
Mission 12Blowtorch & Corkscrew
39.1%
Mission 15Downfall
34.8%
Mission 3Hard Landing
30.4%
Mission 9Ring of Steel
26.1%
Mission 11Black Cats
26.1%
Mission 13Breaking Point
26.1%
Mission 14Heart of the Reich
26.1%
Come Together.
Have Fun.
All Virtual.
We all need to come together. Play Sporcle's virtual live trivia to have fun, connect with people, and get your trivia on. Join a live hosted trivia game for your favorite pub trivia experience done virtually. If a virtual private party is more your thing, go here for details.

You're not logged in!

Compare scores with friends on all Sporcle quizzes.
OR
Log In

Sporcle TV

Today on Sporcle TV


Watch our educational content, quiz creation guides, and fun videos on Sporcle TV.

Show Comments

Extras

Created Feb 9, 2020SourceReportNominateIcon Source: flickr.com
Tags:Console Quiz, Video Games Quiz

Top Quizzes Today


Score Distribution

Paid Content

Your Account Isn't Verified!

In order to create a playlist on Sporcle, you need to verify the email address you used during registration. Go to your Sporcle Settings to finish the process.

Report this User

Report this user for behavior that violates our Community Guidelines.

Details: